The Office Trivia #L - Statistics

General Stats
  • This quiz has been taken 34 times
  • The average score is 8 of 15
Answer Stats
Hint Answer % Correct
Gabe resembles this American president Lincoln
89%
Michael drives his car into a __ Lake
82%
Hank says the the office chairs dont offer much __ support Lumbar
75%
Angela was married to Senator __ Lipton
61%
One of the extra gifts that comes with the tea pot, includes a __ Letter
57%
Song sang by Michael and Holly when riding with Darryl Life is a highway
57%
Phyllis' surname before she got married to Bob Vance Lapin
54%
Jim convinces Dwight to trade for his magical __ Legumes
54%
Michaels name on a dating website LittleKidLover
46%
Michaels nephew Luke
46%
County where Scranton is located Lackawanna
43%
Michaels gift to each of Scotts Tots Laptop battery
39%
Jenna Fischers husband appears in what minor role? Lactation consultant
25%
Actor of Toby Flenderson (surname) Paul Lieberstein
25%
Fake salesman made up by Dwight and Jim, to earn more money with the comission cap. Lloyd Gross
18%
No matching quizzes found
Score Distribution
Percent of People with Each Score
Percentile by Number Answered
Your Score History
You have not taken this quiz